Por un sistema de precios diferenciales de los medicamentos /
Պահպանված է:
| Հիմնական հեղինակ: | |
|---|---|
| Այլ հեղինակներ: | |
| Ձևաչափ: | Տեքստ |
| Խորագրեր: | |
| Ցուցիչներ: |
Ավելացրեք ցուցիչ
Չկան պիտակներ, Եղեք առաջինը, ով նշում է այս գրառումը!
|
MARC
| LEADER | 00000 a a2200000 04500 | ||
|---|---|---|---|
| 001 | 3592 | ||
| 003 | |||
| 040 | |||
| 100 | |a Costa-I-Font, Joan | ||
| 245 | |a Por un sistema de precios diferenciales de los medicamentos / |c Joan Costa-I-Font ; Monserrat Font Vilalta | ||
| 500 | |a Resumen también en inglés páginas 470 | ||
| 650 | |a MEDICAMENTOS | ||
| 650 | |a PRECIOS REGULADOS | ||
| 650 | |a PROPIEDAD INTELECTUAL | ||
| 650 | |a PAISES EN DESARROLLO | ||
| 650 | |a SALUD PUBLICA | ||
| 700 | |a Font Vilalta, Monserrat | ||
| 773 | |g volumen 55, número 5; páginas 418-424 | ||
| 999 | |c 30816 |d 30816 | ||
